[Event "HUN-chT 1112"]
[Site "Hungary"]
[Date "2012.05.20"]
[Round "11"]
[White "Farago, Ivan"]
[Black "Polyak, Istvan"]
[Result "1-0"]
[WhiteElo "2488"]
[BlackElo "2131"]
[PlyCount "71"]
[EventDate "2011.09.25"]
[EventType "team-tourn"]
[EventRounds "11"]
[EventCountry "HUN"]
[SourceTitle "EXT 2013"]
[Source "ChessBase"]
[SourceDate "2012.11.22"]
[SourceVersion "1"]
[SourceVersionDate "2012.11.22"]
[SourceQuality "1"]
[WhiteTeam "Aquaprofit"]
[BlackTeam "Toth Laszlo"]
[WhiteTeamCountry "HUN"]
[BlackTeamCountry "HUN"]

1. d4 d5 2. c4 e6 3. Nf3 Nf6 4. Nc3 Be7 5. Bf4 0-0 6. e3 c6 7. a3 dxc4 8. Bxc4 Nd5 9. Bg3 Nd7 10. 0-0 N7f6 11. Qc2 Nxc3 12. bxc3 c5 13. Rfd1 cxd4 14. cxd4 Bd7 15. Ne5 Qa5 16. Nxd7 Nxd7 17. Rdb1 Rac8 18. Qa2 Nb6 19. Bxe6 Rc3 20. Bb3 Qf5 21. a4 Rfc8 22. a5 Nc4 23. Rc1 Qxa5 24. Rxc3 Qxc3 25. h3 a6 26. Rb1 Bb4 27. Qa4 a5 28. Qd7 Rf8 29. Bxc4 Qxc4 30. Qxb7 Qc2 31. Rf1 h6 32. d5 Qd2 33. Qc6 Rd8 34. e4 Qc3 35. Qb6 Be7 36. d6 1-0

[Event "HUN-chT 1112"]
[Site "Hungary"]
[Date "2012.03.25"]
[Round "8"]
[White "Sebestyen, Balazs"]
[Black "Polyak, Istvan"]
[Result "1-0"]
[WhiteElo "2293"]
[BlackElo "2131"]
[PlyCount "85"]
[EventDate "2011.09.25"]
[EventType "team-tourn"]
[EventRounds "11"]
[EventCountry "HUN"]
[SourceTitle "EXT 2013"]
[Source "ChessBase"]
[SourceDate "2012.11.22"]
[SourceVersion "1"]
[SourceVersionDate "2012.11.22"]
[SourceQuality "1"]
[WhiteTeam "Decs"]
[BlackTeam "Toth Laszlo"]
[WhiteTeamCountry "HUN"]
[BlackTeamCountry "HUN"]

1. Nf3 Nf6 2. c4 e6 3. g3 d5 4. Bg2 Be7 5. d4 0-0 6. 0-0 Nbd7 7. Nc3 dxc4 8. Qc2 Nd5 9. e4 Nb4 10. Qe2 c5 11. dxc5 Qa5 12. Qxc4 Qxc5 13. Qb3 Qa5 14. a3 Nc6 15. Be3 Bc5 16. Bxc5 Nxc5 17. Qc2 Qb6 18. e5 Nd7 19. Rae1 f6 20. exf6 Nxf6 21. Ng5 Nd4 22. Qd3 h6 23. Nge4 Nxe4 24. Rxe4 Nf5 25. Qe2 a5 26. Rd1 Ra6 27. Nb5 Qc5 28. Re5 Qe7 29. Bh3 Qf6 30. Nc7 Rc6 31. Bxf5 exf5 32. Nd5 Qg5 33. h4 Qg4 34. Qxg4 fxg4 35. Ne7+ Kh7 36. Nxc6 bxc6 37. Rxa5 Bf5 38. Re5 g6 39. Rc1 Rf6 40. a4 h5 41. a5 Bd3 42. Re7+ Kh6 43. Rc7 1-0

[Event "HUN-chT 1112"]
[Site "Hungary"]
[Date "2011.11.27"]
[Round "4"]
[White "Csonka, Attila Istvan"]
[Black "Polyak, Istvan"]
[Result "1-0"]
[WhiteElo "2380"]
[BlackElo "2131"]
[PlyCount "89"]
[EventDate "2011.09.25"]
[EventType "team-tourn"]
[EventRounds "11"]
[EventCountry "HUN"]
[SourceTitle "EXT 2013"]
[Source "ChessBase"]
[SourceDate "2012.11.22"]
[SourceVersion "1"]
[SourceVersionDate "2012.11.22"]
[SourceQuality "1"]
[WhiteTeam "HVSE Infraplan"]
[BlackTeam "Toth Laszlo"]
[WhiteTeamCountry "HUN"]
[BlackTeamCountry "HUN"]

1. e4 e6 2. d4 d5 3. Nd2 c5 4. Ngf3 Nc6 5. Bb5 a6 6. Bxc6+ bxc6 7. 0-0 cxd4 8. Nxd4 c5 9. N4f3 dxe4 10. Nxe4 Qxd1 11. Rxd1 Bb7 12. Nd6+ Bxd6 13. Rxd6 Nf6 14. Be3 0-0 15. Ne5 Rfc8 16. c4 Be4 17. f3 Ne8 18. Rb6 Bg6 19. Rd1 Ra7 20. Rd7 Rxd7 21. Nxd7 Rd8 22. Nxc5 Rd6 23. Rb8 f6 24. Ra8 Rd1+ 25. Kf2 Rb1 26. Rb8 a5 27. Nxe6 Kf7 28. Nd8+ Ke7 29. Nc6+ Kd7 30. Nxa5 Bd3 31. c5 Nc7 32. Rb7 Ba6 33. c6+ Kc8 34. Ba7 Nb5 35. Rxg7 Rxb2+ 36. Ke3 Nd6 37. Rxh7 Rxa2 38. Bb6 Ra3+ 39. Kf2 Ra2+ 40. Kg3 Kb8 41. Bc7+ Ka8 42. Bxd6 Rxa5 43. Rh8+ Ka7 44. c7 Rd5 45. Bf4 1-0

[Event "HUN-chT 1112"]
[Site "Hungary"]
[Date "2011.09.25"]
[Round "1"]
[White "Aczel, Gergely"]
[Black "Polyak, Istvan"]
[Result "1-0"]
[WhiteElo "2424"]
[BlackElo "2131"]
[PlyCount "141"]
[EventDate "2011.09.25"]
[EventType "team-tourn"]
[EventRounds "11"]
[EventCountry "HUN"]
[SourceTitle "CBM 144 Extra"]
[Source "ChessBase"]
[SourceDate "2011.10.28"]
[SourceVersion "1"]
[SourceVersionDate "2011.10.28"]
[SourceQuality "1"]
[WhiteTeam "MLTC"]
[BlackTeam "Toth Laszlo"]
[WhiteTeamCountry "HUN"]
[BlackTeamCountry "HUN"]

1. d4 d5 2. c4 e6 3. Nc3 Nf6 4. Nf3 Be7 5. Bf4 0-0 6. e3 c6 7. a3 Nbd7 8. h3 b6 9. cxd5 exd5 10. Bd3 Bb7 11. 0-0 Re8 12. Rc1 Bf8 13. Qc2 h6 14. Rfd1 Rc8 15. Qe2 b5 16. Ne5 a5 17. Qf3 b4 18. axb4 axb4 19. Na4 Nxe5 20. dxe5 Nd7 21. Bf5 Ra8 22. Bxd7 Qxd7 23. Nb6 Qf5 24. Nxa8 Rxa8 25. Qe2 Ra2 26. Bg3 Ba6 27. Qd2 Bc4 28. Re1 b3 29. e4 Qe6 30. f4 dxe4 31. Rxe4 Bd5 32. Re2 Qg6 33. Kh2 Ra4 34. Qe3 Be7 35. Rd2 Qe6 36. Qb6 h5 37. Qf2 Qf5 38. h4 Qg4 39. Qe2 Qf5 40. Rc3 Rb4 41. Rd1 g6 42. Rdc1 Qe6 43. Qd1 Ra4 44. Rd3 Ra2 45. Rd2 Bb4 46. Rf2 Qf5 47. Qd4 Be7 48. Qe3 Ra4 49. Rc3 Rb4 50. Qa7 Qe6 51. Qa8+ Kg7 52. Qe8 Rb7 53. Qa8 Qd7 54. Qa6 Ra7 55. Qd3 Qg4 56. f5 Bxh4 57. Rf4 Bxg3+ 58. Qxg3 Qxg3+ 59. Rxg3 Ra2 60. Rf2 h4 61. Rg4 Kh6 62. fxg6 fxg6 63. Rxh4+ Kg5 64. Rh3 Ra4 65. Rg3+ Rg4 66. Kh3 Be6 67. Rxg4+ Bxg4+ 68. Kg3 Bd1 69. e6 Bg4 70. e7 Bd7 71. Rd2 1-0

[Event "HUN-chT2 Maroczy 1011"]
[Site "Hungary"]
[Date "2010.09.26"]
[Round "2"]
[White "Becskei, Zoltan"]
[Black "Polyak, Istvan"]
[Result "1-0"]
[WhiteElo "2055"]
[BlackElo "2165"]
[PlyCount "71"]
[EventDate "2010.09.12"]
[EventType "team-tourn"]
[EventRounds "11"]
[EventCountry "HUN"]
[SourceTitle "EXT 2012"]
[Source "ChessBase"]
[SourceDate "2011.11.24"]
[SourceVersion "1"]
[SourceVersionDate "2011.11.24"]
[SourceQuality "1"]
[WhiteTeam "Fuzesabony"]
[BlackTeam "TLSE"]
[WhiteTeamCountry "HUN"]
[BlackTeamCountry "HUN"]

1. e4 e6 2. d4 d5 3. Nc3 Bb4 4. exd5 exd5 5. Nf3 Nf6 6. Bd3 0-0 7. 0-0 Bg4 8. Bg5 c6 9. h3 Bh5 10. Be2 Nbd7 11. Ne5 Bxe2 12. Qxe2 Qc7 13. Nxd7 Nxd7 14. Qg4 Rfe8 15. Bh6 Bf8 16. Bf4 Bd6 17. Bh6 Bf8 18. Bf4 Bd6 19. Bh6 g6 20. Rae1 Bf8 21. Bxf8 Nxf8 22. Qh4 Qb6 23. Nd1 Qa5 24. Re7 Qb4 25. Rxe8 Rxe8 26. c3 Qa4 27. Ne3 Qxa2 28. Ng4 Re6 29. Qg5 Qxb2 30. Nh6+ Kg7 31. Nf5+ Kg8 32. Nh6+ Kh8 33. Qf4 Kg7 34. Qxf7+ Kxh6 35. Qxf8+ Kh5 36. Qf4 1-0

[Event "HUN-chT2 Maroczy 0910"]
[Site "Hungary"]
[Date "2009.12.06"]
[Round "3"]
[White "Kiss, Gergely"]
[Black "Polyak, Istvan"]
[Result "1-0"]
[WhiteElo "2270"]
[BlackElo "2215"]
[PlyCount "57"]
[EventDate "2009.11.08"]
[EventType "team-tourn"]
[EventRounds "11"]
[EventCountry "HUN"]
[SourceTitle "EXT 2011"]
[Source "ChessBase"]
[SourceDate "2010.11.26"]
[SourceVersion "1"]
[SourceVersionDate "2010.11.26"]
[SourceQuality "1"]
[WhiteTeam "MLTC II"]
[BlackTeam "TLSE"]
[WhiteTeamCountry "HUN"]
[BlackTeamCountry "HUN"]

1. e4 e6 2. d3 Nc6 3. Nf3 e5 4. Nc3 Bc5 5. Bg5 Nge7 6. Nxe5 Bxf2+ 7. Kxf2 Nxe5 8. d4 N5g6 9. Bc4 h6 10. Be3 c6 11. Qf3 0-0 12. h4 d5 13. exd5 Nxd5 14. Nxd5 cxd5 15. Qxd5 Qb6 16. Qh5 Qd6 17. Qf3 Be6 18. Bd3 Bd5 19. Qg3 Qb6 20. b3 Rfe8 21. h5 Nf8 22. Rh4 Qf6+ 23. Rf4 Qd6 24. c4 Bc6 25. d5 Rxe3 26. Qxe3 Re8 27. Qf3 Qc5+ 28. Kf1 Qa3 29. dxc6 1-0

[Event "HUN-chT2 Maroczy 0910"]
[Site "Hungary"]
[Date "2009.11.22"]
[Round "2"]
[White "Piroska, Istvan"]
[Black "Polyak, Istvan"]
[Result "1-0"]
[WhiteElo "2230"]
[BlackElo "2215"]
[PlyCount "63"]
[EventDate "2009.11.08"]
[EventType "team-tourn"]
[EventRounds "11"]
[EventCountry "HUN"]
[SourceTitle "EXT 2011"]
[Source "ChessBase"]
[SourceDate "2010.11.26"]
[SourceVersion "1"]
[SourceVersionDate "2010.11.26"]
[SourceQuality "1"]
[WhiteTeam "Penzugyor II"]
[BlackTeam "TLSE"]
[WhiteTeamCountry "HUN"]
[BlackTeamCountry "HUN"]

1. e4 e6 2. d4 d5 3. Nc3 Bb4 4. e5 Ne7 5. a3 Bxc3+ 6. bxc3 c5 7. a4 Nbc6 8. Nf3 0-0 9. Bd3 h6 10. 0-0 c4 11. Be2 f6 12. Ba3 fxe5 13. Nxe5 Qc7 14. f4 Rf6 15. Bh5 Bd7 16. Qg4 Be8 17. Rae1 Bxh5 18. Qxh5 Qa5 19. Nd7 Rf5 20. Qe2 e5 21. Nxe5 Rxe5 22. dxe5 Qxc3 23. Bxe7 Nxe7 24. f5 Qd4+ 25. Kh1 Rf8 26. f6 Ng6 27. fxg7 Re8 28. Qf3 Kh7 29. e6 Qxg7 30. Qxd5 Re7 31. Rf7 Rxf7 32. exf7 1-0

[Event "HUN-chT2 Maroczy 0910"]
[Site "Hungary"]
[Date "2009.11.08"]
[Round "1"]
[White "Karacsony, Attila"]
[Black "Polyak, Istvan"]
[Result "1-0"]
[WhiteElo "2309"]
[BlackElo "2215"]
[PlyCount "81"]
[EventDate "2009.11.08"]
[EventType "team-tourn"]
[EventRounds "11"]
[EventCountry "HUN"]
[SourceTitle "EXT 2011"]
[Source "ChessBase"]
[SourceDate "2010.11.26"]
[SourceVersion "1"]
[SourceVersionDate "2010.11.26"]
[SourceQuality "1"]
[WhiteTeam "Vasas"]
[BlackTeam "TLSE"]
[WhiteTeamCountry "HUN"]
[BlackTeamCountry "HUN"]

1. e4 e6 2. d3 d5 3. Nd2 c5 4. g3 Nf6 5. Bg2 Nc6 6. Ngf3 Be7 7. 0-0 0-0 8. e5 Nd7 9. Re1 Qc7 10. Qe2 b5 11. Nf1 a5 12. Bf4 Ba6 13. h4 b4 14. Ne3 Qb6 15. c4 bxc3 16. bxc3 Rac8 17. Rab1 Qa7 18. Ng4 Rb8 19. Rbc1 a4 20. Rc2 Rb6 21. Bg5 h5 22. Ngh2 Bxg5 23. hxg5 Qb8 24. Bh3 g6 25. Nf1 a3 26. c4 dxc4 27. dxc4 Rb2 28. Rxb2 axb2 29. N1d2 Qc7 30. Qe4 Kg7 31. Rb1 Rb8 32. Nh4 Ncxe5 33. f4 Ng4 34. Qd3 Kh7 35. Bxg4 hxg4 36. Ne4 Bc8 37. Qc3 Qc6 38. Nf6+ Nxf6 39. Qxf6 Rb7 40. Rxb2 Rxb2 41. Qxf7+ 1-0

[Event "HUN-chT2 Toth 0809"]
[Site "Hungary"]
[Date "2009.03.08"]
[Round "9.6"]
[White "Polyak, Istvan"]
[Black "Hajdu, Istvan"]
[Result "1-0"]
[WhiteElo "2204"]
[BlackElo "2077"]
[PlyCount "106"]
[EventDate "2008.10.26"]
[EventType "tourn"]
[EventRounds "11"]
[EventCountry "HUN"]
[SourceTitle "EXT 2010"]
[Source "ChessBase"]
[SourceDate "2010.11.25"]
[SourceVersion "1"]
[SourceVersionDate "2010.11.25"]
[SourceQuality "1"]
[WhiteTeam "Toth Laszlo"]
[BlackTeam "Szentes"]
[WhiteTeamCountry "HUN"]
[BlackTeamCountry "HUN"]

1. d4 d5 2. c4 c6 3. cxd5 cxd5 4. Nc3 Nf6 5. Nf3 e6 6. Bg5 Be7 7. e3 0-0 8. Bd3 h6 9. Bh4 b6 10. 0-0 Bb7 11. Rc1 Nc6 12. Bb1 g6 13. Qe2 Nh5 14. Bxe7 Qxe7 15. a3 Nf6 16. Bd3 Rac8 17. Rc2 e5 18. dxe5 Nxe5 19. Nxe5 Qxe5 20. Rfc1 Rfd8 21. Nb5 a6 22. Nd4 b5 23. h3 Kg7 24. Rxc8 Rxc8 25. Rxc8 Bxc8 26. Qc2 Bb7 27. Qc5 Nd7 28. Qc3 Kh7 29. Qb4 Nb6 30. Qf8 Qg7 31. Qe7 f6 32. Qd8 Nd7 33. h4 Nc5 34. Bc2 h5 35. b4 Qd7 36. Qf8 Ne4 37. f3 Nd2 38. Qxf6 Qg7 39. Qg5 Nc4 40. Ne6 Qa1+ 41. Kh2 Qe5+ 42. Qxe5 Nxe5 43. Nc5 Bc8 44. Bb3 Nc4 45. Bxc4 bxc4 46. Kg3 Kg7 47. Kf4 Kf6 48. Na4 Bd7 49. Nc3 Ke6 50. Kg5 Be8 51. a4 Ke5 52. f4+ Ke6 53. g3 Kf7 1-0

[Event "HUN-chT2 Toth 0809"]
[Site "Hungary"]
[Date "2008.11.30"]
[Round "3.6"]
[White "Vass, Laszlo"]
[Black "Polyak, Istvan"]
[Result "0-1"]
[WhiteElo "1902"]
[BlackElo "2204"]
[PlyCount "22"]
[EventDate "2008.10.26"]
[EventType "tourn"]
[EventRounds "11"]
[EventCountry "HUN"]
[SourceTitle "EXT 2010"]
[Source "ChessBase"]
[SourceDate "2010.11.25"]
[SourceVersion "1"]
[SourceVersionDate "2010.11.25"]
[SourceQuality "1"]
[WhiteTeam "Nadudvar"]
[BlackTeam "Toth Laszlo"]
[WhiteTeamCountry "HUN"]
[BlackTeamCountry "HUN"]

1. e4 e6 2. d4 d5 3. exd5 exd5 4. Bd3 c5 5. dxc5 Bxc5 6. Nf3 Nf6 7. 0-0 0-0 8. h3 Qd6 9. b3 Bxh3 10. Bb2 Qg3 11. Ne1 Ng4 0-1

[Event "HUN-chT2 Toth 0809"]
[Site "Hungary"]
[Date "2008.11.02"]
[Round "2.7"]
[White "Berenyi, Tamas"]
[Black "Polyak, Istvan"]
[Result "1/2-1/2"]
[WhiteElo "2108"]
[BlackElo "2204"]
[PlyCount "103"]
[EventDate "2008.10.26"]
[EventType "tourn"]
[EventRounds "11"]
[EventCountry "HUN"]
[SourceTitle "EXT 2010"]
[Source "ChessBase"]
[SourceDate "2010.11.25"]
[SourceVersion "1"]
[SourceVersionDate "2010.11.25"]
[SourceQuality "1"]
[WhiteTeam "Mako II"]
[BlackTeam "Toth Laszlo"]
[WhiteTeamCountry "HUN"]
[BlackTeamCountry "HUN"]

1. e4 e6 2. d4 d5 3. Nd2 c5 4. c3 Nc6 5. Ngf3 cxd4 6. cxd4 dxe4 7. Nxe4 Bb4+ 8. Nc3 Nf6 9. Bd3 0-0 10. 0-0 h6 11. a3 Ba5 12. Na4 Qd6 13. b4 Bc7 14. g3 b6 15. Nc3 Bb7 16. Re1 Rad8 17. Nb5 Qd7 18. Nxc7 Qxc7 19. Bb2 Qd6 20. Bf1 Ne7 21. Bg2 Nf5 22. Qa4 a6 23. Rad1 b5 24. Qb3 Bd5 25. Qd3 Rc8 26. Rc1 Nd7 27. Nd2 Bxg2 28. Kxg2 Qd5+ 29. Qf3 Qxf3+ 30. Kxf3 Nb6 31. Nb3 Nc4 32. Bc3 Nxa3 33. Nc5 Rfd8 34. Red1 Rc6 35. g4 Ne7 36. Ra1 Nc4 37. Nxa6 Nd5 38. Be1 Nb2 39. Rdc1 Rxc1 40. Rxc1 Nd3 41. Rd1 Nxe1+ 42. Rxe1 Ra8 43. Nc5 Ra3+ 44. Kg2 Nxb4 45. Rb1 Nc6 46. Rxb5 Nxd4 47. Rb4 Kh7 48. Nd7 Kg6 49. Rb2 Rb3 50. Nf8+ Kf6 51. Nh7+ Kg6 52. Nf8+ 1/2-1/2

[Event "HUN-chT2 Toth 0708"]
[Site "Hungary"]
[Date "2008.03.16"]
[Round "8"]
[White "Polyak, Istvan"]
[Black "Nagy, Gabor"]
[Result "1-0"]
[WhiteElo "2190"]
[BlackElo "2127"]
[PlyCount "51"]
[EventDate "2007.10.14"]
[EventType "team-tourn"]
[EventRounds "11"]
[EventCountry "HUN"]
[SourceTitle "EXT 2009"]
[Source "ChessBase"]
[SourceDate "2008.11.26"]
[SourceVersion "1"]
[SourceVersionDate "2008.11.26"]
[SourceQuality "1"]
[WhiteTeam "Takisz"]
[BlackTeam "Mezobereny"]
[WhiteTeamCountry "HUN"]
[BlackTeamCountry "HUN"]

1. d4 Nf6 2. c4 g6 3. Nc3 Bg7 4. e4 d6 5. Be2 0-0 6. Bg5 h6 7. Be3 e5 8. d5 a5 9. g4 Ne8 10. Qd2 Kh7 11. 0-0-0 f5 12. gxf5 gxf5 13. exf5 Bxf5 14. Bd3 Qf6 15. Nge2 Nd7 16. Ng3 Bg6 17. Nh5 Qh4 18. Bxg6+ Kxg6 19. Rhg1+ Kh7 20. Qd3+ Kh8 21. Qg6 Rf6 22. Nxf6 Qxf6 23. Ne4 Qxg6 24. Rxg6 Kh7 25. Rdg1 Nf8 26. Nf6+ 1-0

[Event "HUN-chT2 Toth 0708"]
[Site "Hungary"]
[Date "2007.11.25"]
[Round "3"]
[White "Polyak, Istvan"]
[Black "Magi, Tibor"]
[Result "1-0"]
[WhiteElo "2173"]
[BlackElo "1908"]
[PlyCount "101"]
[EventDate "2007.10.14"]
[EventType "team-tourn"]
[EventRounds "11"]
[EventCountry "HUN"]
[SourceTitle "EXT 2009"]
[Source "ChessBase"]
[SourceDate "2008.11.26"]
[SourceVersion "1"]
[SourceVersionDate "2008.11.26"]
[SourceQuality "1"]
[WhiteTeam "Takisz"]
[BlackTeam "Nadudvar"]
[WhiteTeamCountry "HUN"]
[BlackTeamCountry "HUN"]

1. d4 e6 2. c4 c6 3. Nc3 g6 4. Nf3 d6 5. e4 f6 6. Be2 Na6 7. 0-0 Nc7 8. Be3 Bh6 9. Qd2 Bxe3 10. Qxe3 Qe7 11. e5 d5 12. exf6 Nxf6 13. Ne5 Nd7 14. f4 0-0 15. c5 Nxe5 16. Qxe5 Qg7 17. Qe3 Bd7 18. Bd3 Qf6 19. g3 b6 20. b4 b5 21. a4 a6 22. a5 Rf7 23. Nb1 Raf8 24. Nd2 Re7 25. Nf3 Ne8 26. Ne5 Ng7 27. Ng4 Ref7 28. Nxf6+ Rxf6 29. g4 Kh8 30. Qe5 Kg8 31. Rae1 R6f7 32. Re3 Ne8 33. Rg3 Nf6 34. h4 Rg7 35. Rf2 Bc8 36. Rfg2 Kf7 37. h5 Kg8 38. hxg6 hxg6 39. Rh3 Kf7 40. Rh6 Re8 41. Qg5 Reg8 42. Kf1 Bd7 43. Rf2 Ne4 44. Bxe4 dxe4 45. Qe5 Ke7 46. Qxe4 Kd8 47. Rfh2 g5 48. fxg5 Rxg5 49. Rh8 Kc7 50. Rxg8 Rxg8 51. Rh7 1-0

[Event "HUN-chT2 Toth 0506"]
[Site "Hungary"]
[Date "2006.04.23"]
[Round "11"]
[White "Kakuk, Sandor"]
[Black "Polyak, Istvan"]
[Result "1-0"]
[WhiteElo "2199"]
[BlackElo "2191"]
[PlyCount "68"]
[EventDate "2005.10.16"]
[EventType "team-tourn"]
[EventRounds "11"]
[EventCountry "HUN"]
[SourceTitle "EXT 2009"]
[Source "ChessBase"]
[SourceDate "2008.11.26"]
[SourceVersion "1"]
[SourceVersionDate "2008.11.26"]
[SourceQuality "1"]
[WhiteTeam "Oroshaza"]
[BlackTeam "Takisz"]
[WhiteTeamCountry "HUN"]
[BlackTeamCountry "HUN"]

1. e4 e6 2. d4 d5 3. Nc3 Bb4 4. e5 Ne7 5. Nf3 c5 6. a3 Bxc3+ 7. bxc3 Nbc6 8. a4 Qa5 9. Qd2 cxd4 10. cxd4 Qxd2+ 11. Bxd2 Bd7 12. Bd3 0-0 13. 0-0 Rfc8 14. Rfb1 Rc7 15. Bc1 Na5 16. Ba3 Nc8 17. Nd2 Nb6 18. Bd6 Rcc8 19. Nb3 Nbc4 20. Bb4 Nc6 21. Nc5 Rc7 22. Bxc4 dxc4 23. c3 b6 24. Ne4 Rd8 25. Bd6 Rcc8 26. f3 Be8 27. Kf2 Rd7 28. Ra2 Na5 29. Bb4 Nb7 30. a5 bxa5 31. Bxa5 Nxa5 32. Rxa5 Kf8 33. Nd6 Rcc7 34. Rb8 Re7 1-0

[Event "HUN-chT2 Toth 0506"]
[Site "Hungary"]
[Date "2005.11.27"]
[Round "4"]
[White "Deutsch, Istvan"]
[Black "Polyak, Istvan"]
[Result "0-1"]
[WhiteElo "2119"]
[BlackElo "2191"]
[PlyCount "72"]
[EventDate "2005.10.16"]
[EventType "team-tourn"]
[EventRounds "11"]
[EventCountry "HUN"]
[SourceTitle "EXT 2009"]
[Source "ChessBase"]
[SourceDate "2008.11.26"]
[SourceVersion "1"]
[SourceVersionDate "2008.11.26"]
[SourceQuality "1"]
[WhiteTeam "Battonya"]
[BlackTeam "Takisz"]
[WhiteTeamCountry "HUN"]
[BlackTeamCountry "HUN"]

1. g4 d5 2. Bg2 c6 3. h3 e5 4. d4 exd4 5. Qxd4 Qb6 6. Qxb6 axb6 7. Be3 b5 8. Nd2 Nd7 9. Ngf3 Bd6 10. Nb3 Ngf6 11. Nfd4 0-0 12. Nf5 Bc7 13. Nc5 Re8 14. Nxd7 Bxd7 15. Bg5 Ne4 16. Bh4 Bxf5 17. gxf5 Be5 18. Bxe4 Bxb2 19. Bxd5 Bxa1 20. Bb3 Bc3+ 21. Kf1 Re4 22. Bg3 Rd8 23. e3 Rd1+ 24. Kg2 Rxh1 25. Kxh1 Be5 26. Kg2 Bxg3 27. Kxg3 Kf8 28. Kf3 Re5 29. Kf4 f6 30. e4 Ke7 31. Ke3 Kd6 32. Bg8 h6 33. Be6 Rc5 34. Kd3 b4 35. Bb3 Rc3+ 36. Ke2 Ke5 0-1

[Event "HUN-chT2 Toth 0405"]
[Site "Hungary"]
[Date "2005.02.20"]
[Round "8"]
[White "Dostan, Janos"]
[Black "Polyak, Istvan"]
[Result "1-0"]
[WhiteElo "2201"]
[BlackElo "2248"]
[PlyCount "67"]
[EventDate "2004.09.26"]
[EventType "team-tourn"]
[EventRounds "11"]
[EventCountry "HUN"]
[SourceTitle "EXT 2009"]
[Source "ChessBase"]
[SourceDate "2008.11.26"]
[SourceVersion "1"]
[SourceVersionDate "2008.11.26"]
[SourceQuality "1"]
[WhiteTeam "Battonya"]
[BlackTeam "Takisz"]
[WhiteTeamCountry "HUN"]
[BlackTeamCountry "HUN"]

1. e4 e6 2. d4 d5 3. Nc3 Bb4 4. Bd3 Ne7 5. Nge2 c5 6. exd5 Nxd5 7. 0-0 0-0 8. Nxd5 exd5 9. dxc5 Bxc5 10. Nf4 g6 11. Qf3 Be6 12. Nxe6 fxe6 13. Qg4 Qf6 14. Bg5 Bxf2+ 15. Kh1 Qe5 16. Bh4 Rf4 17. Qg5 Qxg5 18. Bxg5 Rf7 19. c4 Nc6 20. cxd5 exd5 21. Rad1 Bd4 22. Rxf7 Kxf7 23. Bb5 Re8 24. g3 Re4 25. Bd3 Rg4 26. Bf4 g5 27. h3 Rxf4 28. gxf4 gxf4 29. Bxh7 Ke6 30. Kg2 Ke5 31. h4 Be3 32. h5 Nd4 33. Re1 f3+ 34. Kg3 1-0

[Event "HUN-chT2 Toth 0405"]
[Site "Hungary"]
[Date "2005.01.23"]
[Round "6"]
[White "Ruppaner, Janos"]
[Black "Polyak, Istvan"]
[Result "1-0"]
[WhiteElo "2167"]
[BlackElo "2248"]
[PlyCount "63"]
[EventDate "2004.09.26"]
[EventType "team-tourn"]
[EventRounds "11"]
[EventCountry "HUN"]
[SourceTitle "EXT 2009"]
[Source "ChessBase"]
[SourceDate "2008.11.26"]
[SourceVersion "1"]
[SourceVersionDate "2008.11.26"]
[SourceQuality "1"]
[WhiteTeam "Kalocsa"]
[BlackTeam "Takisz"]
[WhiteTeamCountry "HUN"]
[BlackTeamCountry "HUN"]

1. e4 e6 2. d4 d5 3. Nd2 c5 4. dxc5 Bxc5 5. Bd3 Nf6 6. Qe2 0-0 7. e5 Nfd7 8. Nb3 Be7 9. Nf3 Nc6 10. c3 a6 11. h4 f5 12. Bf4 b5 13. 0-0-0 b4 14. Ng5 Bxg5 15. hxg5 g6 16. c4 Nb6 17. Kb1 Qe7 18. Be3 Qc7 19. f4 Rd8 20. Bc5 Bb7 21. Bd6 Qc8 22. Rc1 a5 23. Qf2 Nxc4 24. Bxc4 dxc4 25. Rxc4 a4 26. Nc5 Ba6 27. Rcc1 a3 28. b3 Bb5 29. Rxh7 Bd3+ 30. Nxd3 Kxh7 31. Qh4+ Kg8 32. Rh1 1-0

[Event "HUN-chT2 Breyer 0405"]
[Site "Hungary"]
[Date "2004.10.10"]
[Round "2"]
[White "Toth, Jozsef"]
[Black "Polyak, Istvan"]
[Result "0-1"]
[WhiteElo "2066"]
[BlackElo "2248"]
[PlyCount "50"]
[EventDate "2004.09.26"]
[EventType "team-tourn"]
[EventRounds "11"]
[EventCountry "HUN"]
[SourceTitle "EXT 2009"]
[Source "ChessBase"]
[SourceDate "2008.11.26"]
[SourceVersion "1"]
[SourceVersionDate "2008.11.26"]
[SourceQuality "1"]
[WhiteTeam "Pet"]
[BlackTeam "Vizugy II"]
[WhiteTeamCountry "HUN"]
[BlackTeamCountry "HUN"]

1. Nf3 Nf6 2. d4 e6 3. Bf4 b6 4. Nbd2 Bb7 5. e3 Be7 6. Bd3 0-0 7. c3 c5 8. h3 Nc6 9. 0-0 cxd4 10. exd4 d5 11. Re1 Bd6 12. Bxd6 Qxd6 13. Ne5 Qe7 14. f4 g6 15. Rc1 Nh5 16. Qg4 Nxe5 17. fxe5 Ng7 18. Nf3 Nf5 19. Re2 a5 20. Qf4 Ba6 21. Bxa6 Rxa6 22. Rce1 b5 23. Nh2 h5 24. g4 Qh4 25. Rg2 Qxe1+ 0-1

[Event "HUN-chT2 Toth 0304"]
[Site "Hungary"]
[Date "2004.04.04"]
[Round "10"]
[White "Polyak, Istvan"]
[Black "Csala, Imre"]
[Result "1/2-1/2"]
[WhiteElo "2233"]
[BlackElo "2243"]
[PlyCount "66"]
[EventDate "2003.09.28"]
[EventType "team-tourn"]
[EventRounds "11"]
[EventCountry "HUN"]
[SourceTitle "EXT 2009"]
[Source "ChessBase"]
[SourceDate "2008.11.26"]
[SourceVersion "1"]
[SourceVersionDate "2008.11.26"]
[SourceQuality "1"]
[WhiteTeam "Takisz"]
[BlackTeam "Szentes"]
[WhiteTeamCountry "HUN"]
[BlackTeamCountry "HUN"]

1. d4 d5 2. c4 c6 3. Nc3 Nf6 4. e3 Nbd7 5. Nf3 e6 6. Bd3 Bd6 7. 0-0 0-0 8. e4 dxe4 9. Nxe4 Nxe4 10. Bxe4 f5 11. Bd3 e5 12. Bg5 Be7 13. Bxe7 Qxe7 14. dxe5 Nxe5 15. Re1 Nxf3+ 16. Qxf3 Qf6 17. Re2 f4 18. Rae1 Bf5 19. Bxf5 Qxf5 20. Re7 Rf7 21. Qe4 Qf6 22. Qe6 Qxe6 23. R1xe6 Rd8 24. Kf1 Rd2 25. Re8+ Rf8 26. Re2 Rd1+ 27. Re1 Rd2 28. R8e2 Rxe2 29. Rxe2 f3 30. Re1 fxg2+ 31. Kxg2 Rf7 32. Re8+ Rf8 33. Re7 Rf7 1/2-1/2

[Event "HUN-chT2 Toth 0304"]
[Site "Hungary"]
[Date "2004.03.21"]
[Round "9"]
[White "Polyak, Istvan"]
[Black "Kelly, Ladislau Endre"]
[Result "1-0"]
[WhiteElo "2233"]
[BlackElo "2206"]
[PlyCount "75"]
[EventDate "2003.09.28"]
[EventType "team-tourn"]
[EventRounds "11"]
[EventCountry "HUN"]
[SourceTitle "EXT 2009"]
[Source "ChessBase"]
[SourceDate "2008.11.26"]
[SourceVersion "1"]
[SourceVersionDate "2008.11.26"]
[SourceQuality "1"]
[WhiteTeam "Takisz"]
[BlackTeam "Battonya"]
[WhiteTeamCountry "HUN"]
[BlackTeamCountry "HUN"]

1. d4 Nf6 2. c4 e6 3. Nc3 Bb4 4. Qc2 d5 5. a3 Bxc3+ 6. Qxc3 Ne4 7. Qc2 Nc6 8. Nf3 f5 9. Bf4 g5 10. Be5 Rg8 11. h3 h5 12. e3 g4 13. hxg4 hxg4 14. Nd2 Nxd2 15. Qxd2 Nxe5 16. dxe5 c6 17. 0-0-0 Qc7 18. Qc3 Qg7 19. f4 Bd7 20. Qa5 b6 21. Qa6 Kf7 22. Kb1 Rh8 23. Be2 Rxh1 24. Rxh1 Rh8 25. Rc1 Kg6 26. Qxa7 Rh2 27. Bf1 dxc4 28. Qxb6 Rh1 29. Qd8 c5 30. Bxc4 Rh8 31. Qb6 Qe7 32. Rd1 Kf7 33. Rd6 Bc8 34. Qxc5 Qb7 35. Qc6 Qxc6 36. Rxc6 g3 37. Rc7+ Kg6 38. b4 1-0